[Event "ESP-chT Div Honor 2018"]
[Site "Linares"]
[Date "2018.08.08"]
[Round "3"]
[White "Kokarev, Dmitry"]
[Black "Leko, Peter"]
[Result "1/2-1/2"]
[WhiteElo "2608"]
[BlackElo "2691"]
[Annotator "TA"]
[PlyCount "65"]
[EventDate "2018.08.06"]
[EventType "team-tourn"]
[EventCountry "ESP"]
[SourceTitle "playchess.com"]
[Source "ChessBase"]
[SourceQuality "1"]

{[%evp 24,65,-10,-31,-27,-38,0,0,0,0,0,0,19,0,29,0,0,-17,0,0,0,0,0,0,0,0,0,0,0,0,0,0,0,0,0,0,0,0,0,0,0,0,0,0]} 1. e4 c5 2. Nf3 d6 3. d4 cxd4 4. Nxd4 Nf6 5. Nc3 a6 6. Bg5 e6 7. f4 h6 8. Bh4 Qb6 9. Qd2 {B96: Sicilian Najdorf: 6 Bg5 e6 7 f4, lines other than 7...Qb6 and 7...Be7} (9. a3 Be7 10. Bf2 Qc7 11. Bd3 e5 12. Nde2 b5 13. Qd2 Nbd7 14. O-O-O Rb8 15. h3 b4 16. axb4 Rxb4 17. g4 {0-1 (57) Najer,E (2693)-Wojtaszek,R (2741) Czech Republic 2018}) 9... Qxb2 10. Rb1 Qa3 11. Bxf6 gxf6 12. Be2 h5 13. O-O {LiveBook: 19 Games} Qa5 14. Kh1 Nc6 15. Nxc6 bxc6 16. Qd4 Be7 $1 17. Na4 $146 ({Predecessor:} 17. Qc4 Bd7 18. Bf3 c5 19. e5 d5 20. Nxd5 Bb5 21. Nc7+ Qxc7 22. Rxb5 {1-0 (44) Nardi,C (2202)-Godam Jakarta 2011}) 17... d5 18. Nb6 Rb8 19. Nxc8 Rxc8 {The position is equal.} 20. Rb7 Qc5 21. Qd3 Kf8 22. f5 e5 23. Bf3 Rd8 24. h3 Kg7 25. Rfb1 h4 26. Qe2 Kf8 27. Rc7 {[#] Threatens to win with Rbb7.} Bd6 28. Rcb7 Be7 29. a4 Rg8 30. Rc7 {Rbb7 is the strong threat.} Bd6 31. Rcb7 Be7 32. Qd2 Rh8 33. Qe2 {Precision: White = 89%, Black = 75%.} 1/2-1/2

[Event "ESP-chT Div Honor 2018"]
[Site "Linares"]
[Date "2018.08.08"]
[Round "3"]
[White "Del Rio de Angelis, Salvador Gabriel"]
[Black "Cornette, Deimante"]
[Result "1/2-1/2"]
[WhiteElo "2525"]
[BlackElo "2463"]
[Annotator "TA"]
[PlyCount "163"]
[EventDate "2018.08.06"]
[EventType "team-tourn"]
[EventCountry "ESP"]
[SourceTitle "playchess.com"]
[Source "ChessBase"]
[SourceQuality "1"]

{[%evp 12,163,11,4,18,0,4,0,0,11,23,17,18,0,2,0,0,0,0,0,17,17,18,13,11,15,22,29,24,27,28,19,23,16,26,35,25,10,16,0,20,10,12,14,21,16,14,18,5,0,20,0,0,0,0,0,0,0,6,0,6,0,28,25,15,0,17,0,16,13,8,12,18,18,20,10,21,0,21,8,41,20,20,14,14,36,25,10,25,0,0,0,0,-24,0,-227,-236,-379,-364,-345,0,0,0,0,0,0,0,0,0,0,16,0,189,57,591,169,1936,1918,1586,1606,1615,1790,878,1387,931,117,117,117,117,117,117,117,117,117,117,117,117,0,117,0,110,0,37,0,58,0,0,0,0,0,0,0,0,0]} 1. d4 Nf6 2. c4 e6 3. Nc3 Bb4 4. e3 O-O 5. Nf3 d5 6. Be2 b6 {E50: Nimzo-Indian: Rubinstein: 4...0-0 5 Nf3} 7. O-O {LiveBook: 15 Games} Ba6 (7... Bb7 8. Bd2 dxc4 9. Bxc4 Nbd7 10. Qe2 Qe7 11. a3 Bxc3 12. Bxc3 Ne4 13. Rfc1 c5 14. Be1 Nd6 15. Ba6 Bxa6 16. Qxa6 Rfc8 17. a4 Qe8 {0-1 (42) Zhigalko,A (2584)-Van Kampen,R (2637) Bilbao 2014 CBM 163 [Krasenkow,M]}) 8. cxd5 Bxe2 9. Qxe2 $146 ({Predecessor:} 9. Nxe2 exd5 10. a3 Bd6 11. Nc3 c6 12. Qc2 Nbd7 13. b4 Re8 14. Bb2 {1-0 (43) Waibel,K-Knudsen,J USA 1995}) 9... exd5 10. Bd2 c6 11. Rac1 Nbd7 12. Qa6 Bd6 13. Ne2 Qc7 14. Qa4 Rac8 15. Bb4 Bxb4 16. Qxb4 c5 17. dxc5 bxc5 18. Qa3 Nb6 19. b3 Ne4 20. Rfd1 Rfd8 21. Qa5 Qe7 22. Ng3 Nxg3 23. hxg3 h6 24. Qb5 Rc7 25. Rc2 Nc8 26. Qa5 Nb6 27. Qc3 Qe6 28. Rdc1 Rdc8 29. Qa5 {[%cal Rc2c5]} Qe7 30. Qa3 Kf8 31. Nh4 Nd7 32. Nf5 Qf6 33. Nd4 Qb6 34. Ne2 Kg8 35. Nc3 Qb7 36. Qa4 a6 37. Qf4 Nf6 38. Ne2 Rc6 39. Qe5 Re6 40. Qf5 {next Nf4 is good for White.} Rec6 $1 41. Nf4 R6c7 42. Rd1 {[%cal Rf4d5]} Rd7 43. Nd3 Rdc7 44. Nf4 {[%cal Rf4d5]} Rd7 45. g4 a5 46. g5 hxg5 47. Qxg5 a4 48. bxa4 c4 49. Ne2 Ne4 50. Qg4 Rc6 51. Nd4 Rg6 52. Qe2 Qc7 53. Nf3 $2 (53. Qf3 $11) 53... Rh6 $19 {[%mdl 1024] Black has strong compensation.} 54. Rb1 (54. Rd4 $142) 54... Rdd6 {Strongly threatening ...Rdg6.} 55. Rcb2 Rh5 $2 (55... Qd7 $19 56. Nh2 (56. Rb8+ $2 Kh7 $19) 56... Rdg6) 56. Rb8+ $11 Kh7 57. R1b7 Rdh6 {[%csl Gh6][%cal Rh5h1] [#]} 58. Ng5+ $1 (58. Rxc7 $2 Rh1#) 58... Nxg5 {[%csl Gh6][%cal Rh5h1]} 59. Qxh5 $1 (59. Rxc7 $2 {gets mated.} Rh1#) ({Not} 59. Qc2+ $2 Ne4 $19) 59... Qe5 60. Qg4 {Hoping for Qf4.} c3 61. Qc8 Qh2+ (61... d4 $11 62. Rb5 Qh2+ 63. Kf1 Ne6 64. Qg8+ Kg6) 62. Kf1 $14 {Threatens to win with Rb6.} Qh1+ ({Better is} 62... Qe5 $1 $14) 63. Ke2 $18 Qxg2 $2 {[#]} (63... Qc1 64. Qf5+ Rg6) 64. Rxf7 $3 {[%mdl 512]} Nxf7 65. Qg8+ Kg6 66. Rb6+ Kh5 67. Qxf7+ {[%mdl 4096] Endgame KQR-KQR} g6 68. Qf3+ $2 (68. Rb4 $18 {is the precise move to win.}) 68... Qxf3+ $16 69. Kxf3 {KR-KR} Rh8 70. Rd6 Rc8 71. Rxd5+ g5 72. Rd1 Rc4 73. Rc1 Rxa4 74. Rc2 (74. Rxc3 $16 {aiming for a3.} Rxa2 75. Rc8) 74... Kg6 (74... Ra3 $1 $11 {keeps the balance.}) 75. Ke2 ({White has to play} 75. Rxc3 $16 {And now Rc2 would win.} Rxa2 76. Kg3) 75... Kf5 (75... Ra3 $1 $11 {remains equal.}) 76. Kd3 (76. Rxc3 $16 {a3 is the strong threat.} Rxa2+ 77. Kf3) 76... Ra3 $14 77. Kd4 g4 (77... Kg4 $11) 78. Kd5 ({White should play} 78. Kd3 $1 $14) 78... Ra4 $11 {The position is equal.} 79. Re2 Re4 80. Rc2 Ra4 81. Re2 Re4 82. Rc2 {Precision: White = 51%, Black = 47%.} 1/2-1/2

[Event "ESP-chT Div Honor 2018"]
[Site "Linares"]
[Date "2018.08.08"]
[Round "3"]
[White "Mirzoev, Azer"]
[Black "Rakhmanov, Alexander"]
[Result "0-1"]
[WhiteElo "2510"]
[BlackElo "2629"]
[Annotator "TA"]
[PlyCount "134"]
[EventDate "2018.08.06"]
[EventType "team-tourn"]
[EventCountry "ESP"]
[SourceTitle "playchess.com"]
[Source "ChessBase"]
[SourceQuality "1"]

{[%evp 11,134,25,38,0,9,4,22,22,20,21,24,16,18,25,22,24,27,29,27,31,38,37,40,20,30,0,14,12,14,5,4,0,9,0,0,0,0,-4,0,-6,0,-5,-5,-43,-22,-28,-16,-29,-18,-64,-64,-66,-64,-58,-54,-54,-16,-98,-91,-187,-129,-131,-91,-91,-91,-93,-83,-214,-192,-191,-187,-187,-198,-184,-87,-83,0,-199,-199,-210,-218,-316,-298,-326,-328,-537,-560,-427,-414,-695,-609,-1242,-452,-29972,-29973,-29971,-29972,-29972,-6203,-29976,-29978,-29977,-29978,-29979,-29980,-29979,-29980,-29980,-29981,-29981,-29975,-29975,-29976,-29976,-29977,-29977,-29978,-29978,-29979,-29979,-29980,-29980,-29981,-29979,-29982]} 1. d4 Nf6 2. Nf3 e6 3. c4 a6 4. Nc3 d5 5. cxd5 exd5 6. Bg5 {D37: Queen's Gambit Declined: 5 Bf4} Be6 {LiveBook: 243 Games} 7. Qb3 (7. e3 Nbd7 8. Bd3 Bd6 9. Bf4 Qe7 10. O-O O-O 11. h3 Rfe8 12. Qc2 {½-½ (12) Aronian,L (2805)-Carlsen,M (2837) Riadh 2017}) 7... Nbd7 8. e3 {The position is equal.} Rb8 $146 ({Predecessor:} 8... b5 9. Qd1 h6 10. Bh4 Bb4 11. a4 g5 12. Bg3 Ne4 13. Qc2 c5 14. Bd3 O-O 15. axb5 Bxc3+ 16. bxc3 axb5 17. Rxa8 {½-½ (17) Nucci,L (2263)-De Mingo Matias,J (2176) ICCF email 2017}) 9. Qc2 Bd6 10. Bd3 c6 11. Bf4 Qc7 12. Bxd6 Qxd6 13. O-O h6 14. Rfc1 O-O 15. Na4 Rfe8 16. Nc5 Nxc5 17. Qxc5 Qxc5 18. Rxc5 (18. dxc5 {seems wilder.} a5 19. b3 Ra8 20. Nd4 Bg4 21. a3) 18... Nd7 19. Rc2 a5 20. h3 Kf8 21. b3 Ke7 22. a3 Ra8 23. Rac1 Kd6 24. Nd2 g5 25. f3 h5 26. Kf2 h4 27. Rc3 Nf6 28. R1c2 Bd7 29. Rb2 Nh5 30. b4 axb4 $1 31. axb4 f5 {[%cal Bf7f5,Bf5f4][%mdl 32]} 32. b5 Ng3 33. bxc6 Bxc6 34. Bb5 (34. Nb1 $11 {remains equal.}) 34... f4 35. Bxc6 (35. e4 $17) 35... bxc6 (35... Rxe3 $19 {( -> ...Re2+)} 36. Rxe3 (36. Bxb7 {leads to mate.} Re2+ 37. Kg1 Ra1+ 38. Rb1 Rxb1+ 39. Rc1 Rxc1+ 40. Nf1 Rxf1+ 41. Kh2 Rh1#) 36... fxe3+ 37. Kxe3 bxc6) 36. e4 $17 dxe4 37. fxe4 Rxe4 38. Rbc2 Ra6 39. Rc5 (39. Rd3 $17) 39... Rxd4 40. Rxg5 Ra1 $1 41. Kf3 Ra3+ 42. Kf2 Nh1+ (42... Rad3 $1 $19 {[%cal Rd3d2]} 43. Nc4+ Ke7 44. Re5+ Kf6) 43. Kf1 {Nc4+ is the strong threat.} Ng3+ (43... Kc7 $17 {And now ...Ng3+ would win.} 44. Rg7+ Rd7 45. Rxd7+ Kxd7) 44. Kf2 $19 {[#]} Rad3 $1 {[%cal Rd3d2]} 45. Rg6+ {[#]} Kd5 $1 46. Nf1 (46. Nf3 $142 Rd1 47. Ne1 (47. Rg5+ $2 Kd6 $19)) 46... Ne4+ 47. Ke2 c5 48. Rh6 $2 (48. Rg8 {might work better.}) 48... Ng3+ 49. Kf2 c4 50. Rh8 (50. Rxh4 $142 c3 51. Rh8) 50... c3 51. Rc8 Nxf1 (51... Rb4 $142 {White must now prevent ...Rb1.} 52. Re8 Rb2 53. Rxb2 cxb2) 52. Kxf1 {[%mdl 4096] Endgame KRR-KRR} (52. R2xc3 $19 Rxc3 53. Rxc3) 52... Rd1+ 53. Ke2 R1d2+ 54. Rxd2 Rxd2+ {KR-KR} 55. Ke1 Kd4 {Black mates.} 56. Rd8+ Ke3 57. Re8+ Kd3 58. Rd8+ Kc2 59. Rf8 Rd4 60. Ke2 Re4+ 61. Kf3 Rb4 62. Kg4 Kb2 63. Kxh4 c2 64. Rc8 f3+ 65. Kg3 fxg2 66. Kxg2 c1=Q 67. Rxc1 Kxc1 {Precision: White = 54%, Black = 79%.} 0-1

[Event "ESP-chT Div Honor 2018"]
[Site "Linares"]
[Date "2018.08.08"]
[Round "3"]
[White "Cuenca Jimenez, Jose Fernando"]
[Black "Santos Ruiz, Miguel"]
[Result "1/2-1/2"]
[WhiteElo "2506"]
[BlackElo "2517"]
[Annotator "TA"]
[PlyCount "60"]
[EventDate "2018.08.06"]
[EventType "team-tourn"]
[EventCountry "ESP"]
[SourceTitle "playchess.com"]
[Source "ChessBase"]
[SourceQuality "1"]

{[%evp 23,60,32,24,24,23,17,16,17,28,4,29,0,0,0,0,0,0,0,0,0,0,0,10,0,0,-6,-2,-5,-5,-6,-2,-5,0,0,0,0,0,0,0]} 1. d4 Nf6 2. c4 e6 3. Nc3 Bb4 4. Qc2 O-O 5. a3 Bxc3+ 6. Qxc3 d5 7. Nf3 dxc4 8. Qxc4 b6 9. Bg5 {E36: Nimzo-Indian: Classical: 4...d5 5 a3} Ba6 10. Qa4 h6 (10... Qd7 11. Qc2 c5 12. Bxf6 gxf6 13. Rd1 Qe7 14. g3 Bb7 15. Bg2 Rd8 16. O-O Nd7 {½-½ (30) Mamedyarov,S (2808)-Caruana,F (2816) Paris 2018}) 11. Bh4 c5 12. dxc5 bxc5 {LiveBook: 19 Games} 13. Rd1 Qb6 14. Bxf6 gxf6 15. e3 Bxf1 16. Kxf1 Nc6 17. g3 Qb7 {next ...Nd4 is good for Black.The position is equal.} 18. Kg2 Ne5 19. Qf4 Nxf3 $146 ({Predecessor:} 19... Kg7 20. e4 Qxb2 {½-½ (20) Pietrobono,A (2202)-Wharrier,J (2365) ICCF email 2013}) 20. Qxf3 Qxb2 21. Rd7 Qe5 22. Qg4+ Qg5 23. Qxg5+ (23. Qc4 {keeps more tension.} Qe5 24. Rc1 Rfd8 25. Rxd8+ Rxd8 26. Qxc5 Qd5+ 27. Qxd5 Rxd5 28. Rc4) 23... fxg5 $11 {[%mdl 4096] Endgame KRR-KRR} 24. Rc1 Rfc8 25. Rb1 Rab8 26. Rxb8 Rxb8 27. Rxa7 c4 28. Rc7 Ra8 29. Rxc4 Rxa3 30. h4 Kg7 {Precision: White = 82%, Black = 74%.} 1/2-1/2

[Event "ESP-chT Div Honor 2018"]
[Site "Linares"]
[Date "2018.08.08"]
[Round "3"]
[White "Suarez Garcia, Carlos"]
[Black "Vega Gutierrez, Sabrina Neide"]
[Result "0-1"]
[WhiteElo "2468"]
[BlackElo "2390"]
[Annotator "TA"]
[PlyCount "106"]
[EventDate "2018.08.06"]
[EventType "team-tourn"]
[EventCountry "ESP"]
[SourceTitle "playchess.com"]
[Source "ChessBase"]
[SourceQuality "1"]

{[%evp 15,106,29,14,-33,-27,-32,-35,-37,-28,-44,-48,-150,-69,-75,-73,-77,-76,-111,-64,-63,-60,-89,-89,-89,-50,-88,-72,-64,-62,-85,-72,-110,-102,-110,-112,-121,-120,-125,-89,-91,-84,-107,-102,-137,-130,-130,-118,-115,-111,-235,-239,-243,-243,-222,-233,-222,-52,-74,-76,-61,-15,-25,0,-12,-16,-8,-15,-81,-115,-253,-255,-434,-448,-1026,-1071,-732,-444,-1153,-1268,-976,-803,-515,-131,-12837,-12833,-12839,-12839,-12846,-12845,-12845,-12846,-12846,-12845]} 1. e4 c5 2. Nf3 Nc6 3. c3 d5 4. exd5 Qxd5 5. d4 Nf6 6. dxc5 Qxd1+ 7. Kxd1 e6 {B22: Sicilian: 2 c3} (7... e5 8. Be3 Nd5 9. b4 g6 10. Kc2 Bf5+ 11. Kb3 a5 12. Bc4 Be6 13. Ng5 axb4 14. cxb4 Ncxb4 15. Nc3 Nxc3 16. Nxe6 fxe6 17. Kxb4 {½-½ (31) Nisipeanu,L (2661)-Topalov,V (2751) Bucharest 2012 CBM 152 [Rogozenco,D]}) 8. b4 a5 {LiveBook: 4 Games} 9. Bb5 Bd7 {Black is slightly better.} 10. Bb2 axb4 11. Bxc6 $1 Bxc6 12. cxb4 Nd5 $146 ({Predecessor:} 12... b6 13. cxb6 Bxb4 14. Nd4 Bd5 15. Nc3 Bxg2 {1-0 (36) Pedersen,N (2310)-Cole,R (2295) Aarhus 1994}) 13. Bc3 (13. a3 $15) 13... Nf4 (13... Be7 $17 14. a3 O-O) 14. Nbd2 $15 Nxg2 15. Kc2 Nf4 16. Rhe1 f6 17. Nd4 Ba4+ 18. N2b3 e5 19. Nf5 O-O-O 20. Rad1 Bd7 21. Ne3 Be7 22. Kb2 Be6 {Threatens to win with ...Nd3+.} 23. Nc1 Nh3 24. f3 Ng5 25. Rxd8+ Rxd8 26. Rf1 Bh3 27. Rf2 Ne6 28. a4 g5 29. Ne2 {[#]} Nxc5 $1 {[%mdl 512]} 30. bxc5 Bxc5 31. Ng1 Bd7 32. Ba5 (32. Re2 $17) 32... Bxe3 $19 33. Rc2+ Bc6 34. Bxd8 Kxd8 {[%mdl 4096] Endgame KRN-KB} 35. Ne2 Bxf3 $2 (35... Bxa4 $19 36. Rc3 Bf2 37. Rd3+ Ke7) 36. Rc3 $15 Bxe2 37. Rxe3 $17 {KR-KB} Bg4 38. Rb3 Bc8 39. Rb6 Ke7 40. Kc3 h5 {[%cal Bh7h5,Bh5h4,Bh4g3,Bg3g2][%mdl 32]} 41. Kc4 (41. Rb5 $11 {keeps the balance.}) 41... g4 42. Kd5 (42. Kd3 $17 {was called for.}) 42... h4 $19 43. a5 $2 (43. Rb2 {keeps fighting.} Kf7 44. Kd6) 43... g3 44. hxg3 (44. Rb2 $142 Bd7 45. hxg3 Bc6+ 46. Kc4 hxg3 47. Kd3) 44... hxg3 45. Rb2 {[#]} b6 $1 46. Rxb6 (46. Kc6 $142 bxa5 47. Rg2) (46. axb6 Bb7+) 46... g2 47. Rb1 {[#]} Ba6 $1 48. Rg1 Kd7 $2 (48... Bb7+ $19 {has better winning chances.} 49. Kc4 f5) 49. Kc5 $2 {[%mdl 8192]} (49. Rb1 $17) 49... Bf1 {Black is clearly winning.} 50. Kb6 Kc8 51. Ka7 f5 {[%cal Bf6f5,Bf5f4][%mdl 32]} 52. a6 f4 {( -> ...f3)} ({Inferior is} 52... Kc7 53. Rxg2 Bxg2 $11) 53. Ka8 Bxa6 {Precision: White = 26%, Black = 60%.} 0-1

[Event "ESP-chT Div Honor 2018"]
[Site "Linares"]
[Date "2018.08.08"]
[Round "3"]
[White "Moreno Tejera, Emilio"]
[Black "Osmak, Iulija"]
[Result "1-0"]
[WhiteElo "2429"]
[BlackElo "2410"]
[Annotator "TA"]
[PlyCount "119"]
[EventDate "2018.08.06"]
[EventType "team-tourn"]
[EventCountry "ESP"]
[SourceTitle "playchess.com"]
[Source "ChessBase"]
[SourceQuality "1"]

{[%evp 20,119,13,0,-6,-6,-6,-6,-2,0,8,-8,0,-3,-3,-8,10,-18,-22,-41,-45,-42,-37,-22,0,-78,-49,-105,-77,-166,-124,-359,-151,-127,-112,-91,-123,-114,-114,-95,-115,-91,-131,-122,31,-165,65,75,74,71,105,94,55,86,114,62,64,65,91,62,412,411,397,377,511,511,508,500,497,496,477,477,497,452,511,511,511,502,448,445,547,445,408,410,873,842,1481,806,1464,1317,3316,2343,2364,2422,2267,2208,1933,1581,7124,5933,29983,29983]} 1. e4 {[%cal Be2e4,Be4e5][%mdl 32]} e6 2. d4 d5 3. Nc3 Nf6 4. e5 Nfd7 5. f4 c5 6. Nf3 Be7 {C11: French: Classical System: 4 e5 and 4 Bg5 dxe4} (6... Nc6 7. Be3 Be7 8. Qd2 b6 9. Bb5 Bb7 10. O-O a6 11. Bxc6 Bxc6 12. Nd1 Qc7 13. Nf2 O-O-O 14. a4 Kb8 15. b3 Bb7 16. Nd3 {1-0 (60) Aronian,L (2767)-Caruana,F (2822) chess.com INT 2018}) 7. Be3 b6 8. Qd2 O-O 9. Be2 Nc6 10. O-O f5 11. Nd1 {LiveBook: 24 Games} cxd4 12. Nxd4 Nxd4 13. Bxd4 Nc5 14. Nf2 Bb7 15. Rad1 {[#]} Qe8 $146 ({Predecessor:} 15... a5 16. Qe3 Qc7 17. Nd3 Ba6 18. Rc1 Rab8 19. g4 Ne4 20. Kh1 Bc5 21. c3 {½-½ (21) Cabezas Ayala,I (2297)-Ibarra Jerez,J (2569) La Roda 2018}) 16. b4 Ne4 17. Nxe4 dxe4 18. c4 Qa4 $36 {[%mdl 2048] Black is more active.} 19. Bc3 {White wants to play Qd7.} Rad8 20. Qb2 g5 21. fxg5 Bxg5 22. Rd6 (22. b5 $11 {remains equal.}) 22... Qe8 $1 $17 23. Rfd1 (23. Kh1 $15) 23... Qg6 24. c5 (24. Qc2 $17) 24... f4 $1 $19 25. c6 $2 {[#]} (25. Qc2 $17 {was worth a try.}) 25... f3 (25... Bxc6 $1 $19 {[%mdl 512] has better winning chances. ...f3 is the strong threat.} 26. Rxd8 (26. Rxc6 $2 f3 $19) 26... Bxd8) 26. Bb5 f2+ 27. Kf1 {[%cal Bg1f1,Bf1e2,Be2d2,Bd2c2][%mdl 32]} Qh5 $1 {[%csl LRd1,LRh2]} 28. Rxd8 Bxd8 29. Qe2 Qxh2 {[%cal Rh2h1]} 30. Qg4+ Kh8 31. Ke2 {[#]} Bc8 $2 ({Black should play} 31... Ba8 $1 $17 {Strongly threatening ...e3!} 32. Bd4 Bh4) 32. Qxe4 $2 {[#]} (32. Bd4 $1 $14 {stays ahead.}) 32... Qh5+ $2 (32... a6 $1 $19 33. Bd3 Rf4 34. Qxh7+ Qxh7 35. Bxh7 Kxh7) 33. Kd2 $1 $14 {[#]} Rf4 $1 {[%mdl 512]} 34. Qe2 (34. Qxf4 $2 {too greedy.} Bg5 $19) 34... Qg6 {Threatens to win with ...Bg5.} 35. Qd3 Qg8 {And now ...a6 would win.} 36. Kc2 Bc7 37. Rh1 (37. g3 $16 Rf7 38. Qe3) 37... a6 38. Qe3 Qxg2 39. Bf1 Qe4+ $2 {[%mdl 8192]} ({Black should try} 39... Rf3 $1 $14 40. Bxg2 Rxe3) 40. Qxe4 $18 Rxe4 41. Bd3 Re3 42. Bd4 ({Less strong is} 42. Rxh7+ Kg8 $14) 42... f1=Q 43. Rxf1 Rg3 44. Rh1 Rg7 45. a4 Kg8 46. b5 a5 47. Kd2 Bd8 48. Ke2 Rg2+ 49. Kf3 Ra2 50. Rg1+ Kh8 51. Be3 Rxa4 (51... Ra3 $142 52. Bc2 Be7) 52. Bh6 Ra3 53. Ke2 Ra2+ 54. Ke3 Be7 55. Bg7+ Kg8 56. Bf6+ Kf8 57. Bxe7+ Kxe7 58. Rg8 a4 59. Rxc8 {Threatening mate with Ra8.} a3 60. Ra8 {Precision: White = 53%, Black = 35%.} 1-0

[Event "ESP-chT Div Honor 2018"]
[Site "Linares"]
[Date "2018.08.08"]
[Round "3"]
[White "Ramiro Ovejero, Juan Luis"]
[Black "Santos Latasa, Jaime"]
[Result "0-1"]
[WhiteElo "2382"]
[BlackElo "2582"]
[Annotator "TA"]
[PlyCount "130"]
[EventDate "2018.08.06"]
[EventType "team-tourn"]
[EventCountry "ESP"]
[SourceTitle "playchess.com"]
[Source "ChessBase"]
[SourceQuality "1"]

{[%evp 35,129,22,16,20,20,16,19,20,20,16,24,26,29,11,48,52,63,69,70,49,50,2,56,53,45,32,35,4,44,36,71,81,81,81,94,69,75,0,0,0,101,0,0,0,0,-4,0,-129,0,0,0,-39,-39,-56,-69,-92,-90,-97,-96,-150,-50,-79,-47,-47,-47,-47,-47,-105,-117,-574,-561,-29972,-29973,-29990,-316,-308,-296,-278,0,0,0,0,0,0,0,0,0,0,0,0,0,0,0,-29988,-29989,-29999]} 1. e4 e5 2. Nf3 Nc6 3. Bb5 a6 4. Ba4 Nf6 5. O-O Be7 6. Re1 b5 7. Bb3 d6 8. c3 O-O 9. h3 Nb8 10. d4 Nbd7 11. Nbd2 Bb7 12. Bc2 Re8 13. Nf1 Bf8 14. Ng3 g6 15. Bg5 h6 16. Bd2 Bg7 17. a4 Nb6 {C95: Closed Ruy Lopez: Breyer Variation with 10 d4} 18. Qc1 Kh7 {LiveBook: 7 Games} 19. b3 bxa4 {The position is equal.} 20. bxa4 {[#]} Nc4 $146 ({Predecessor:} 20... a5 21. dxe5 dxe5 22. Bb3 Qe7 23. Be3 Nfd7 24. h4 Ba6 25. h5 {1-0 (59) Yu,Y (2738)-Piorun,K (2651) Caleta 2017}) 21. Bd3 Nxd2 22. Qxd2 Kg8 23. Rab1 Bc8 24. Qa2 c6 25. a5 Qc7 26. Qa4 Nd7 27. Nf1 {[%cal Bg3f1,Bf1d2,Bd2c4,Bc4e3][%mdl 32]} Bb7 28. N1d2 Rab8 (28... d5 $1 $11) 29. Nc4 $1 $14 Ba8 30. Rxb8 Rxb8 31. Rb1 Rb5 32. Qa2 Rb8 33. Rxb8+ Qxb8 34. Ne3 Bb7 35. Bc4 $1 {[%cal Rc4f7]} Qe8 36. d5 (36. Qb1 $16 Bc8 37. Qf1) 36... Nc5 $11 37. Nd2 Bf6 (37... Bf8 $11) 38. dxc6 (38. Nb3 $1 $16) 38... Bxc6 39. Bd5 Bg5 40. Ndc4 Bxe3 41. fxe3 (41. Nxe3 $11 {was the only way to keep the balance.} Kg7 42. f3) 41... Qd7 (41... Bxd5 $17 42. exd5 Qb5 43. Nxd6 Qd7 44. Nxf7 Kxf7) 42. Qb1 {aiming for Qb8+.} Bb5 43. Nb6 Qc7 44. c4 Bc6 45. Kf2 Kg7 46. Kf3 h5 {[%cal Bh6h5,Bh5h4][%mdl 32]} 47. Qd1 (47. Kg3 $142) 47... Bd7 (47... Bxd5 $17 48. cxd5 Qd8) 48. Qe1 Qd8 49. Nxd7 Qxd7 50. Qb4 Qe7 51. Qb6 ({White should play} 51. g3 $15) 51... h4 $1 $17 52. Ke2 $2 {[%mdl 8192]} (52. Qb1 $17 {is a better chance.}) 52... Qg5 $19 53. Qxd6 Qxg2+ 54. Ke1 Qg1+ $2 (54... Nd3+ {mates} 55. Kd1 Qb2 56. Qa3 Qxa3 57. Kd2 Nf2 58. Ke2 Qb2+ 59. Ke1 Nd3+ 60. Kd1 Qc1+ 61. Ke2 Qc2+ 62. Kf3 Qf2+ 63. Kg4 Qg3#) 55. Ke2 {[#]} Qh2+ $1 56. Kd1 {[#]} Nb3 $2 {[#]} ({Better is} 56... Nd3 $1 $19 {Strongly threatening ...Qb2.} 57. Qe7 Qf2) 57. Bxf7 $1 $11 {[%mdl 512]} Qg1+ (57... Kxf7 58. Qc7+) 58. Kc2 {Be8 is the strong threat.} Nxa5 59. Qxe5+ Kxf7 60. Qc7+ Ke6 61. Qb6+ Kd7 62. Qxa5 Qg2+ 63. Kd3 {Hoping for Qd5+.} Qf1+ 64. Kd4 $2 {[%mdl 8192]} (64. Kd2 $11) 64... Qd1+ 65. Kc5 Qd6# {Precision: White = 44%, Black = 57%.} 0-1